000 00849nam0a2200277 4500
001 RU\NLR\bibl\1382817
005 20250615193939.0
010 _a978-5-7024-2566-5
_930000
021 _aRU
_b2009-31185
_91880
035 _a(NLR Aleph) 001374892
090 _a1065109
_c1065109
100 _a20090617d2009 |||y0rusy50 ca
101 1 _arus
_cund
102 _aRU
105 _ay |||||||||
200 1 _aТонкая грань
_eроман
_e[перевод]
_fРонда Бэйс
210 _aМосква
_cПанорама
_d2009
215 _a189, [1] с.
_d17
225 1 _aПанорама романов о любви
_v09-102
686 _aШ6(4Вл)67-440.4{Лх1299-50}
700 1 _aБэйс
_bР.
_gРонда
_4070
801 0 _aRU
_bNLR
_c20090617
_gRCR
801 1 _aRU
_bNLR
_c20090617
942 _cBOOK
980 _aNB